000 00697nam a2200169 a 4500
001 000045438
005 20201002052242.0
008 150324s1982 dr 000 0 spa d
040 _aDO-SdBNP
_bspa
_cBNPHU
100 1 _aGonzález Cano, Hugo
_98566
245 1 4 _aLos incentivos crediticios a las exportaciones no tradicionales en paises del Caricom. /
_cHugo González Cano.
260 _aSanto Domingo :
_bInstituto de Capacitación Tributaria,
_c1982.
300 _a137 p. ;
_c21 cm.
490 1 _aManuales de finanzas publicas
_v14
500 _aMaterial de apoyo para los programas desarrollados por el instituto de capacitación tributaria
830 0 _aManuales de finanzas publicas
_n14
_973491
999 _c44927
_d44927